000 00361nam a2200145Ia 4500
008 230711s9999||||xx |||||||||||||| ||und||
041 _aENG
082 _a621
_bFA-I
100 _aFardo,Stephen
245 0 _aIndustrial process control system
250 _a1st Ed.
260 _c2002
_aNew Delhi
_bThomson Brook
650 _aElectrical Engineering
942 _cBK
999 _c4098
_d4098